000 01369nam a2200241 i 4500
001 185066
003 ES-MaACL
005 20230906222336.0
008 160316s1918 xxu |||| | eng d
110 2 _aUnited States.
_bCommittee on Public Information.
_9159095
245 1 4 _aThe German-Bolshevik conspiracy Issued /
_cby the Committee on Public Information, George Creel, chairmanThe German-Bolshevik conspiracy.
260 _a[Washington?] :
_b[s.n.],
_c1918.
300 _a30 p. ;
_c31 cm.
490 1 _aWar information series ;
_v20
505 8 _aContiene: "A series of communications between the German Imperial government and the Russian Bolshevik government, and between the Bolsheviks themselves, also the report thereon made to George Creel by Edgar Sisson, the committee's special representative in Russia during the winter of 1917-18. There is also included, in Part II, a report by a committee appointed by the National Board for Historical Service to examine into the genuineness of these documents."--p.3.
650 4 _aGuerra mundial, 1914-1918-
_zAlemania.
_9155485
650 4 _aGuerra mundial, 1914-1918-
_zUnión Soviética.
_9159096
651 4 _aURSS-
_xHistoria-
_y1917-1936.
_99470
700 1 _aSisson, Edgar Grant.
_9159097
830 0 _aWar information series ;
_v20
_9225163
852 _aES-MaACL
_j1558-F-12
999 _c185066
_d185066